Štátny rozpočet a fiškálna politika Slovenska v období rokov 2010-2020 bakalárska práca

Salvato in:
Dettagli Bibliografici
Autore principale: Stankovská, Terézia
Ente Autore: Národohospodárska fakulta EU. Katedra ekonómie
Altri autori: Matoušková, Eleonóra, 1962-
Natura: Libro
Lingua:slovacco
Pubblicazione: Bratislava 2021
Tags: Aggiungi Tag
Nessun Tag, puoi essere il primo ad aggiungerne!!

MARC

LEADER 00000nbm a2200000 4500
001 0275153
005 20220121143932.5
041 0 |a slo 
044 |a SK 
245 1 0 |a Štátny rozpočet a fiškálna politika Slovenska v období rokov 2010-2020  |b bakalárska práca  |c Terézia Stankovská ; školiteľ: Eleonóra Matoušková 
264 1 |a Bratislava  |c 2021 
300 |a 52 s. 
100 1 |a Stankovská, Terézia 
700 1 |a Matoušková, Eleonóra, 1962- 
710 2 |a Národohospodárska fakulta EU. Katedra ekonómie